000 00873nam a22002657a 4500
001 BR8804675
003 BR-BrBNA
005 20230928092958.0
007 ta
008 230509b bl.||||| |||| 00| 0 por d
040 _aBR-BrBNA
_bpor
_cBiblioteca Nacional de Agricultura
041 _a(Por)
072 _aQ02
_b6100
090 _ 6100 BR8804675
100 1 _aTinoco, I. de F.F.
110 1 _aUniversidade Federal de Vicosa, MG (Brasil)
_0Tese (Magister Scientiae)
245 1 _aResfriamento adiabatico (evaporativo)na producao de frangos de corte
260 3 _aVicosa, MG (Brasil):
_c1988.
300 _a92 p.
500 _a9 illus.; 27 tables; 48 ref.; Summary (Por). (*) Documento disponível na(o) Universidade Federal de Vicosa, MG (Brazil)
650 _aFRANGO DE CORTE
650 _aRESFRIAMENTO
909 _a202309
_bLucia
_c55
_dLucia Elande
942 _cBK
999 _c42331
_d42331